The metapolis dictionary of advanced architecture : (Record no. 13811)

MARC details
000 -LEADER
fixed length control field 01129nam a22002657a 4500
003 - CONTROL NUMBER IDENTIFIER
control field EG-ScBUE
005 - DATE AND TIME OF LATEST TRANSACTION
control field 20221211100327.0
008 - FIXED-LENGTH DATA ELEMENTS--GENERAL INFORMATION
fixed length control field 100328s2003 sp ae f d 00010 eeng d
020 ## - INTERNATIONAL STANDARD BOOK NUMBER
International Standard Book Number 8495951223
040 ## - CATALOGING SOURCE
Original cataloging agency EG-ScBUE
Language of cataloging eng
Description conventions rda
Transcribing agency EG-ScBUE
Modifying agency EG-ScBUE
082 04 - DEWEY DECIMAL CLASSIFICATION NUMBER
Edition number 22
Classification number 724.603
Item number MET
245 04 - TITLE STATEMENT
Title The metapolis dictionary of advanced architecture :
Remainder of title city, technology and society in the information age /
Statement of responsibility, etc Manuel Gausa [and five others] ; coordinación, Susanna Cros.
264 #1 - PUBLICATION, DISTRIBUTION, ETC. (IMPRINT)
Place of publication, distribution, etc Barcelona :
Name of publisher, distributor, etc Actar,
Date of publication, distribution, etc 2003.
300 ## - PHYSICAL DESCRIPTION
Extent 688 pages :
Other physical details illustrations (chiefly color), plans ;
Dimensions 24 cm
500 ## - GENERAL NOTE
General note Expanded international version of: Diccionario Metápolis arquitectura avanzada.
500 ## - GENERAL NOTE
General note A project of the Institute for Advanced Architecture Metapolis.
500 ## - GENERAL NOTE
General note Includes index.
650 #7 - SUBJECT ADDED ENTRY--TOPICAL TERM
9 (RLIN) 13245
Topical term or geographic name as entry element Architecture, Modern
Chronological subdivision 20th century
Form subdivision Dictionaries.
Source of heading or term BUEsh
650 #7 - SUBJECT ADDED ENTRY--TOPICAL TERM
9 (RLIN) 13246
Topical term or geographic name as entry element Architecture
General subdivision Technological innovations
Form subdivision Dictionaries.
Source of heading or term BUEsh
653 ## - INDEX TERM--UNCONTROLLED
Resource For college Engineering, Architecture
655 ## - INDEX TERM--GENRE/FORM
Form subdivision Reading book
700 1# - ADDED ENTRY--PERSONAL NAME
9 (RLIN) 13243
Personal name Gausa, Manuel,
Relator term author.
700 1# - ADDED ENTRY--PERSONAL NAME
Personal name Cros, Susanna,
Relator term contributor.
942 ## - ADDED ENTRY ELEMENTS (KOHA)
Source of classification or shelving scheme Dewey Decimal Classification
Koha item type Reference (NB)
Holdings
Withdrawn status Lost status Source of classification or shelving scheme Damaged status Not for loan Collection code Home library Current library Shelving location Date acquired Source of acquisition Cost, normal purchase price Serial Enumeration / chronology Total Checkouts Full call number Barcode Date last seen Price effective from Koha item type
    Dewey Decimal Classification     Alahram Central Library Central Library Ground Floor 28/03/2010   377.00 32   724.603 MET 000020528 15/07/2025 28/03/2010 Reference (NB)